Set-valued analysis

Enregistré dans:
Détails bibliographiques
Auteurs principaux: Aubin, Jean-Pierre (Auteur), Frankowska, Hélène (Auteur)
Format: Livre
Langue:anglais
Publié: Boston Birkhäuser 1990
Collection:Systems and Control, 2
Sujets:
Tags: Ajouter un tag
Pas de tags, Soyez le premier à ajouter un tag!

MARC

LEADER 00000nam a2200000 a 4500
001 UCW1645
003 CL-VaPUC
008 920909e19900000US |||||||||||||||||eng|d
082 0 4 |a 514.32  |b AUB  |2 21 
100 0 |a Aubin, Jean-Pierre  |e author  |9 305681 
700 0 |a Frankowska, Hélène  |e author  |9 305682 
245 1 0 |a Set-valued analysis 
300 |a 461 p 
942 |c BK 
945 |d 19920909 00:00:00 
260 |a Boston  |b Birkhäuser  |c 1990 
650 0 |a Topología   |9 260092 
583 |a last modification  |c 20120530 10:25:56  |k Rodrigo Vera 
490 0 |a Systems and Control, 2 
999 |c 216502  |d 216500 
952 |0 0  |1 0  |4 0  |6 514_320000000000000_AUB_1990  |7 0  |8 A  |9 202247  |a BIBMAT  |b BIBMAT  |d 2019-11-14  |i 2693860  |o 514.32 AUB 1990  |p 2693860  |r 2025-01-07  |w 2019-11-14  |y BK  |k MAT